Statystyki dla Państwa członkowskie Eurazjatyckiej Organizacji Patentowej

Kliknij tutaj aby rozwiązać quiz!

Ogólne statystyki

  • Ten quiz został rozwiązany 34 razy
  • Średni wynik to 6 z 8

Statystyki odpowiedzi

Państwa% Poprawnych
Rosja
100%
Kazachstan
87%
Azerbejdżan
84%
Armenia
81%
Kirgistan
74%
Białoruś
68%
Tadżykistan
68%
Turkmenistan
58%

Rozkład punktacji

Percentyl według liczby udzielonych odpowiedzi

Procent ludzi z każdym wynikiem

Twoja historia wyników

Nie rozwiązałeś tego quizu